000 00554nam a2200181Ia 4500
008 090123s9999 xx 000 0 und d
082 _b4898
100 _aरामरेडि्ड अनुसया
245 _aवडेद हालु
250 _a1
260 _bवाणी प्रेस
_c1977
300 _a216
600 _aरामरेडि्ड अनुसया
630 _aवडेद हालु
700 _aरामरेडि्ड अनुसया
730 _aवडेद हालु
942 _cBOOK
999 _c42973
_d42973